NLSUI OPAC header image

Happy city : (Record no. 212599)

MARC details
000 -LEADER
fixed length control field 01667cam a2200373 i 4500
001 - CONTROL NUMBER
control field 17776651
005 - DATE AND TIME OF LATEST TRANSACTION
control field 20240613173352.0
008 - FIXED-LENGTH DATA ELEMENTS--GENERAL INFORMATION
fixed length control field 130613s2013 nyu b 000 0 eng
010 ## - LIBRARY OF CONGRESS CONTROL NUMBER
LC control number 2013022587
020 ## - INTERNATIONAL STANDARD BOOK NUMBER
International Standard Book Number 9780141047546 (paperback)
040 ## - CATALOGING SOURCE
Original cataloging agency DLC
Language of cataloging eng
Transcribing agency DLC
Description conventions rda
Modifying agency DLC
042 ## - AUTHENTICATION CODE
Authentication code pcc
050 00 - LIBRARY OF CONGRESS CALL NUMBER
Classification number HT166
Item number .M5865 2013
082 00 - DEWEY DECIMAL CLASSIFICATION NUMBER
Classification number 307.1216
Edition number 23
084 ## - OTHER CLASSIFICATION NUMBER
Classification number POL002000
-- PSY003000
-- BUS067000
Number source bisacsh
100 1# - MAIN ENTRY--PERSONAL NAME
Personal name Montgomery, Charles,
Dates associated with a name 1968-
245 10 - TITLE STATEMENT
Title Happy city :
Remainder of title transforming our lives through urban design /
Statement of responsibility, etc. Charles Montgomery.
250 ## - EDITION STATEMENT
Edition statement First edition.
264 #1 - PRODUCTION, PUBLICATION, DISTRIBUTION, MANUFACTURE, AND COPYRIGHT NOTICE
Place of production, publication, distribution, manufacture New York :
Name of producer, publisher, distributor, manufacturer Farrar, Straus and Giroux,
Date of production, publication, distribution, manufacture, or copyright notice [2013]
300 ## - PHYSICAL DESCRIPTION
Extent 358 pages ;
Dimensions 24 cm
336 ## - CONTENT TYPE
Content type term text
Source rdacontent
365 ## - TRADE PRICE
Price amount Rs. 658.00
504 ## - BIBLIOGRAPHY, ETC. NOTE
Bibliography, etc. note Includes bibliographical references.
520 ## - SUMMARY, ETC.
Summary, etc. "A journalist travels the world and investigates current socioeconomic theories of happiness to discover why most modern cities are designed to make us miserable, what we can do to change this, and why we have more to learn from poor cities than from prosperous ones"--
Assigning source Provided by publisher.
650 #0 - SUBJECT ADDED ENTRY--TOPICAL TERM
Topical term or geographic name entry element City planning
General subdivision Psychological aspects.
650 #0 - SUBJECT ADDED ENTRY--TOPICAL TERM
Topical term or geographic name entry element Urban beautification
General subdivision Psychological aspects.
650 #0 - SUBJECT ADDED ENTRY--TOPICAL TERM
Topical term or geographic name entry element City dwellers
General subdivision Psychology.
650 #0 - SUBJECT ADDED ENTRY--TOPICAL TERM
Topical term or geographic name entry element Environmental psychology.
650 #7 - SUBJECT ADDED ENTRY--TOPICAL TERM
Topical term or geographic name entry element POLITICAL SCIENCE / Public Policy / City Planning & Urban Development.
Source of heading or term bisacsh
650 #7 - SUBJECT ADDED ENTRY--TOPICAL TERM
Topical term or geographic name entry element PSYCHOLOGY / Applied Psychology.
Source of heading or term bisacsh
650 #7 - SUBJECT ADDED ENTRY--TOPICAL TERM
Topical term or geographic name entry element BUSINESS & ECONOMICS / Urban & Regional.
Source of heading or term bisacsh
856 42 - ELECTRONIC LOCATION AND ACCESS
Materials specified Cover image
Uniform Resource Identifier <a href="http://www.netread.com/jcusers2/bk1388/230/9780374168230/image/lgcover.9780374168230.jpg">http://www.netread.com/jcusers2/bk1388/230/9780374168230/image/lgcover.9780374168230.jpg</a>
942 ## - ADDED ENTRY ELEMENTS (KOHA)
Source of classification or shelving scheme Dewey Decimal Classification
Koha item type BOOKs
Holdings
Withdrawn status Lost status Source of classification or shelving scheme Materials specified (bound volume or other part) Damaged status Not for loan Home library Current library Shelving location Date acquired Source of acquisition Cost, normal purchase price Total Checkouts Full call number Barcode Date last seen Date last checked out Price effective from Koha item type
    Dewey Decimal Classification PB     . . General Stacks 13.06.2024 Purchased - Satyam Books 658.00 3 307.1216 MON 36589 15.12.2025 15.12.2025 13.06.2024 BOOKs